00648nam a22002177a 45000050016000000060019000160070003000350080041000380100017000790200031000960350017001270370074001440400012002180820012002301000017002422450067002592600039003262700025003653000034003907000006004242008070709199.0a|||||r|||||00| 1 ta080611t xxu||||| |||| 00| 0 eng d aB-269919-922 c6250.00 (a set of 4 vols.) aB-269919-922 bGrolier International/7.5.08/12/8.4.08/5.6.08/6250.00 (set of 4 vol.) aDPLbEN aS / DIS aDisney, Walt aStory a day for every day of the year:winter /cby Walt Disney bGrolier Enterprisesc2006aDanbury aDanbury, Connecticut a160p.:c26 cm (Hb)bcol. ill. a